| Tag |
First Indicator |
Second Indicator |
Subfields |
| LEADER |
00000cas a2200000 a 4500 |
| 001 |
in00001851007 |
| 005 |
20151026082039.0 |
| 008 |
820624c19679999tnuar 0 a0eng c |
| 010 |
|
|
|a 53015526
|z sn 82006742
|
| 022 |
0 |
|
|a 0078-2904
|l 0078-2904
|2 1
|
| 029 |
1 |
|
|a AU@
|b 000003689976
|
| 035 |
|
|
|a (OCoLC)07600049
|
| 040 |
|
|
|a CLU
|c CLU
|d FUG
|d NSD
|d DLC
|d NST
|d OCLCQ
|d UtOrBLW
|
| 042 |
|
|
|a nsdp
|a pcc
|
| 049 |
|
|
|a TXAM
|
| 050 |
0 |
0 |
|a QC789.O3
|b A4
|
| 082 |
0 |
|
|a 621.48/072073
|2 19
|
| 110 |
2 |
|
|a Oak Ridge Associated Universities.
|
| 210 |
0 |
|
|a Annu. rep. - Oak Ridge Assoc. Univ.
|
| 222 |
|
0 |
|a Annual report - Oak Ridge Associated Universities
|
| 245 |
1 |
0 |
|a Annual report /
|c Oak Ridge Associated Universities.
|
| 264 |
|
1 |
|a [Oak Ridge, Tenn.] :
|b [The Universities]
|
| 300 |
|
|
|a volumes :
|b illustrations ;
|c 28 cm.
|
| 310 |
|
|
|a Annual
|
| 336 |
|
|
|a text
|b txt
|2 rdacontent
|
| 337 |
|
|
|a unmediated
|b n
|2 rdamedia
|
| 338 |
|
|
|a volume
|b nc
|2 rdacarrier
|
| 362 |
1 |
|
|a Began with: 21st (1967).
|
| 500 |
|
|
|a Description based on: 23rd (for the year ending June 30, 1969); title from cover.
|
| 515 |
|
|
|a Report year ends June 30.
|
| 550 |
|
|
|a Operating under contract with the U.S. Atomic Energy Commission.
|
| 610 |
2 |
0 |
|a Oak Ridge Associated Universities
|v Periodicals.
|
| 710 |
2 |
|
|a U.S. Atomic Energy Commission.
|
| 780 |
0 |
0 |
|a Oak Ridge Institute of Nuclear Studies.
|t Annual report
|x 0742-4760
|w (OCoLC)8547461
|
| 850 |
|
|
|a DLC
|a NcRS
|
| 994 |
|
|
|a C0
|b TXA
|
| 999 |
|
|
|a MARS
|
| 999 |
f |
f |
|s fa267fe3-1138-3701-ae02-ee8b1f9f0dbf
|i 59ba9b5a-e24c-3b2c-9c7a-260500cb4681
|t 0
|
| 952 |
f |
f |
|p ric
|a Texas A&M University
|b Rellis Campus
|c Joint Library Facility
|d Remote Storage
|t 0
|e QC789.O3 A4
|h Library of Congress classification
|i unmediated -- volume
|k 40th
|l 1986
|m A14841197237
|
| 998 |
f |
f |
|a QC789.O3 A4
|s 40th (1986)
|t 0
|l Remote Storage
|